| 000 | 00792nam a2200289Ia 4500 | ||
|---|---|---|---|
| 001 | 23133 | ||
| 003 | IT-RoPAU | ||
| 008 | 130308s9999 xx 000 0 und d | ||
| 040 | _aIT-RoPAU | ||
| 040 | _cIT-RoPAU | ||
| 041 | _aINGLESE | ||
| 100 | _aJerrom George | ||
| 100 | _gCodice Aut. SPICS: 6586 | ||
| 245 | _aScapegoats of the '30S and '80S | ||
| 245 | _bIt Ain'T Half Racist, Mum-Fighting Racism in The Media | ||
| 250 | _a1a ed. | ||
| 260 | _aLONDON | ||
| 260 | _bComedia Publishing Group | ||
| 260 | _c1982 [1° Ed.:1982 - Ed.Ling.Originale:1982] | ||
| 300 | _a"2 p. (prefazione: no ; testo: 2 [pagine: 103-104])" | ||
| 650 | _aSAGGI DI COMUNICAZIONE SOCIALE | ||
| 650 | _eCodice materia Spics: 3807 | ||
| 942 | _cBK | ||
| 957 | _71 | ||
| 999 |
_c45449 _d45449 |
||
| 999 | _bSI | ||
| 999 | _g1 | ||